[Event "GER-ch Net Amateur Gr-B Vor2"]
[Site "Playchess.com INT"]
[Date "2020.04.15"]
[Round "1"]
[White "Spingat, Dirk"]
[Black "Keller, Gert"]
[Result "0-1"]
[WhiteElo "1579"]
[BlackElo "1772"]
[PlyCount "88"]
[EventDate "2020.04.15"]
[EventType "swiss (blitz)"]
[EventRounds "9"]
[EventCountry "GER"]
[SourceTitle "CBM 196 Extra"]
[Source "ChessBase"]
[SourceDate "2020.07.31"]
[SourceVersion "1"]
[SourceVersionDate "2020.07.31"]
[SourceQuality "1"]

1. c4 c5 2. Nc3 Nc6 3. g3 g6 4. Bg2 Bg7 5. e4 d6 6. Nge2 Bd7 7. 0-0 Nf6 8. d3 Qc8 9. f4 Bh3 10. a3 Bxg2 11. Kxg2 h5 12. h4 a6 13. Nd5 Nxd5 14. cxd5 Nd4 15. Nxd4 Bxd4 16. Rb1 a5 17. Qa4+ Qd7 18. Qxd7+ Kxd7 19. Kf3 b5 20. Be3 Bxe3 21. Kxe3 f6 22. Rfc1 Rhc8 23. b3 e6 24. dxe6+ Kxe6 25. Rc2 d5 26. Rbc1 d4+ 27. Kf3 Kd6 28. e5+ fxe5 29. fxe5+ Kd5 30. Re2 Rf8+ 31. Kg2 Rae8 32. e6 Rf6 33. Rce1 Rfxe6 34. Kf3 Rxe2 35. Rxe2 Rxe2 36. Kxe2 c4 37. dxc4+ bxc4 38. b4 axb4 39. axb4 Kc6 40. Kf3 Kb5 41. Ke4 d3 42. Kd4 Kxb4 43. g4 hxg4 44. h5 gxh5 0-1